[Event "Ciutat de Sabadell op A"]
[Site "?"]
[Date "2012.09.07"]
[Round "9"]
[White "Panesso Rivera, H."]
[Black "Serra Pages, J."]
[Result "1-0"]
[WhiteElo "2339"]
[BlackElo "2224"]
[PlyCount "77"]
[EventDate "2012.??.??"]
[EventType "swiss"]
[EventRounds "9"]

1. Nf3 Nf6 2. c4 g6 3. Nc3 d5 4. cxd5 Nxd5 5. Qa4+ Bd7 6. Qh4 Nxc3 7. Qd4 Rg8
8. Qxc3 Bg7 9. d4 c5 10. Qxc5 Na6 11. Qa3 Qb6 12. Bd2 Bxd4 13. Nxd4 Qxd4 14.
Rc1 Qa4 15. Qxa4 Bxa4 16. e4 Kd7 17. Bc4 Rac8 18. b3 Bc6 19. f3 Ke8 20. Kf2 b5
21. Be2 Bd7 22. h4 h5 23. Rhd1 Nc7 24. Be3 a6 25. g4 hxg4 26. fxg4 Ne6 27. h5
Rxc1 28. Bxc1 Bc6 29. h6 f6 30. e5 Be4 31. exf6 exf6 32. Rd6 Kf7 33. a4 g5 34.
Ke3 Bc2 35. axb5 axb5 36. Kf2 Bxb3 37. Rd7+ Ke8 38. h7 Rh8 39. Bb2 {
IRREPRODUCIBLE} 1-0

[Event "Ciutat de Sabadell op A"]
[Site "?"]
[Date "2012.09.07"]
[Round "9"]
[White "Vehi Bach, VM."]
[Black "Espinoza Palomino, W."]
[Result "0-1"]
[WhiteElo "2357"]
[BlackElo "2242"]
[PlyCount "82"]
[EventDate "2012.??.??"]
[EventType "swiss"]
[EventRounds "9"]

1. e4 e5 2. Nf3 Nc6 3. Bb5 a6 4. Ba4 Nf6 5. d3 d6 6. c3 g6 7. O-O b5 8. Bc2 Bg7
9. Nbd2 O-O 10. d4 Re8 11. Re1 exd4 12. cxd4 Bb7 13. a3 Nd7 14. Nf1 Na5 15. Bg5
Qb8 16. Bf4 Nc4 17. b3 Ncb6 18. Rb1 Nf8 19. Qd2 d5 20. e5 Ne6 21. Bh6 Qd8 22.
h4 Qe7 23. Ra1 c5 24. N1h2 Bxh6 25. Qxh6 Qf8 26. Qd2 Nd7 27. h5 Rac8 28. dxc5
Qxc5 29. Ra2 d4 30. Bb1 Bd5 31. b4 Qc3 32. Qh6 Nxe5 33. Rc2 Nxf3+ 34. Nxf3 Qb3
35. hxg6 hxg6 36. Rxc8 Rxc8 37. Bxg6 fxg6 38. Qxg6+ Ng7 39. Ng5 Qc2 40. Qxa6
Rf8 41. Nh3 Qc6 0-1

[Event "Ct. Catalunya Absolut Final ( blitz )"]
[Site "?"]
[Date "2012.05.13"]
[Round "1"]
[White "Martinez Ramirez, E."]
[Black "Muñoz Pantoja, M."]
[Result "0-1"]
[WhiteElo "2296"]
[BlackElo "2484"]
[PlyCount "66"]
[EventDate "2012.??.??"]
[EventType "k.o. (blitz)"]

1. e4 d5 2. exd5 Qxd5 3. Nc3 Qa5 4. d4 Nf6 5. Nf3 Nc6 6. Bb5 Bd7 7. O-O a6 8.
Bc4 Bg4 9. h3 Bxf3 10. Qxf3 O-O-O 11. d5 Ne5 12. Qf5+ Nfd7 13. Bb3 g6 14. Qe4
f5 15. Qe2 Qb4 16. Re1 Qh4 17. f4 Nf7 18. Be3 Bh6 19. Qf2 Qxf2+ 20. Kxf2 Bg7
21. Rad1 Nd6 22. Bd4 Bf6 23. Bxf6 exf6 24. Re7 Rde8 25. Rde1 Ne4+ 26. R7xe4
fxe4 27. Rxe4 Nc5 28. Rc4 b6 29. Kf3 f5 30. a4 Re1 31. Ne2 Re8 32. Nd4 R8e3+
33. Kf2 Ne4# 0-1

[Event "Ct. Catalunya Absolut Final ( blitz )"]
[Site "?"]
[Date "2012.05.13"]
[Round "2"]
[White "Muñoz Pantoja, M."]
[Black "Martinez Ramirez, E."]
[Result "1/2-1/2"]
[WhiteElo "2484"]
[BlackElo "2296"]
[PlyCount "73"]
[EventDate "2012.??.??"]
[EventType "k.o. (blitz)"]

1. e4 c5 2. g3 e6 3. Bg2 Nc6 4. Ne2 Nf6 5. O-O d5 6. exd5 Nxd5 7. d4 cxd4 8.
Nxd4 Nxd4 9. Qxd4 Qb6 10. Qxb6 Nxb6 11. Nc3 Be7 12. a4 a6 13. b3 Bf6 14. Bb2
Rb8 15. Rad1 Bd7 16. Rd6 Nc8 17. Rd2 Ne7 18. Nd1 Bc6 19. Ba3 Bxg2 20. Kxg2 Nd5
21. c4 Be7 22. cxd5 Bxa3 23. dxe6 fxe6 24. Ne3 Rd8 25. Re2 Kf7 26. Nc4 Bd6 27.
Rfe1 Rhe8 28. Rd1 Bc7 29. Red2 Rxd2 30. Rxd2 Re7 31. a5 Ke8 32. Re2 Kf7 33. Rd2
Ke8 34. Re2 Kf7 35. Rd2 Ke8 36. Re2 Kf7 37. Rd2 1/2-1/2

[Event "Ct. Catalunya Absolut Final ( blitz )"]
[Site "?"]
[Date "2012.05.15"]
[Round "3"]
[White "Lopez Martinez, JM."]
[Black "Fluvia Poyatos, Joan"]
[Result "1/2-1/2"]
[WhiteElo "2506"]
[BlackElo "2490"]
[PlyCount "105"]
[EventDate "2012.??.??"]
[EventType "k.o. (blitz)"]

1. d4 Nf6 2. c4 e6 3. Nf3 b6 4. g3 Ba6 5. b3 Bb4+ 6. Bd2 Be7 7. Bg2 c6 8. O-O
d5 9. Qc2 O-O 10. Rd1 Ne4 11. Be1 Nd7 12. a4 f5 13. a5 b5 14. Nbd2 bxc4 15.
bxc4 Bf6 16. e3 Rc8 17. Bf1 c5 18. Qb3 cxd4 19. exd4 Nxd2 20. Nxd2 Bxd4 21.
cxd5 Nc5 22. Qa2 Qxd5 23. Bxa6 Nxa6 24. Nb3 e5 25. Nxd4 Qxa2 26. Rxa2 Rfd8 27.
Rad2 exd4 28. Rxd4 Rxd4 29. Rxd4 Rc1 30. Kf1 Nc5 31. Ke2 Kf7 32. Rh4 h6 33. Bd2
Rc2 34. Rb4 Ne4 35. Rd4 Ke6 36. f3 Rxd2+ 37. Rxd2 Nxd2 38. Kxd2 Kd5 39. Ke3 g6
40. h4 g5 41. hxg5 hxg5 42. g4 fxg4 43. fxg4 Ke5 44. a6 Kd5 45. Kd3 Kc5 46. Ke4
Kb5 47. Kf5 Kxa6 48. Kxg5 Kb5 49. Kh6 a5 50. g5 a4 51. g6 a3 52. g7 a2 53. g8=Q
1/2-1/2

[Event "Ct. Catalunya Absolut Final ( blitz )"]
[Site "?"]
[Date "2012.05.15"]
[Round "3"]
[White "Perez Mitjans, O."]
[Black "Narciso Dublan, M."]
[Result "0-1"]
[WhiteElo "2471"]
[BlackElo "2541"]
[PlyCount "71"]
[EventDate "2012.??.??"]
[EventType "k.o. (blitz)"]

1. e4 Nf6 2. e5 Nd5 3. d4 d6 4. Nf3 c6 5. h3 dxe5 6. Nxe5 Bf5 7. c3 Nd7 8. Nf3
e6 9. Bd3 Bxd3 10. Qxd3 Be7 11. Nbd2 Qc7 12. Ne4 O-O 13. O-O Rad8 14. Nfg5 h6
15. Nf3 c5 16. dxc5 Nxc5 17. Qc2 b5 18. a3 Nxe4 19. Qxe4 Qc4 20. Re1 Nb6 21.
Qc2 a6 22. Ne5 Qc7 23. Qe4 Nd5 24. Qg4 Bd6 25. Nf3 Bf4 26. a4 Bxc1 27. Rexc1
Rb8 28. axb5 axb5 29. Qd4 Rfd8 30. Ra7 Rb7 31. Rxb7 Qxb7 32. Ra1 Ra8 33. Rxa8+
Qxa8 34. Kh2 Qa1 35. Qd2 Qa4 36. Qe2 0-1

[Event "Ct. Catalunya Absolut Final ( blitz )"]
[Site "?"]
[Date "2012.05.15"]
[Round "4"]
[White "Fluvia Poyatos, Joan"]
[Black "Lopez Martinez, JM."]
[Result "1-0"]
[WhiteElo "2490"]
[BlackElo "2506"]
[PlyCount "51"]
[EventDate "2012.??.??"]
[EventType "k.o. (blitz)"]

1. e4 c5 2. Nf3 e6 3. Nc3 a6 4. d4 cxd4 5. Nxd4 Qc7 6. Bd3 Bd6 7. h3 Nf6 8. O-O
Bh2+ 9. Kh1 Bf4 10. Qe2 Bxc1 11. Raxc1 d6 12. f4 Nbd7 13. Rce1 Nc5 14. e5 dxe5
15. fxe5 Nfd7 16. Ndb5 axb5 17. Nxb5 Qb6 18. Nd6+ Ke7 19. Qg4 Nxe5 20. Nxc8+
Raxc8 21. Qg5+ Kd7 22. Rxe5 Nxd3 23. Rxf7+ Kd6 24. Rxe6+ Kxe6 25. Qf5+ Kd6 26.
Rd7+ 1-0

[Event "Ct. Catalunya Absolut Final ( blitz )"]
[Site "?"]
[Date "2012.05.15"]
[Round "4"]
[White "Narciso Dublan, M."]
[Black "Perez Mitjans, O."]
[Result "1-0"]
[WhiteElo "2541"]
[BlackElo "2471"]
[PlyCount "87"]
[EventDate "2012.??.??"]
[EventType "k.o. (blitz)"]

1. d4 Nf6 2. c4 c5 3. d5 b5 4. cxb5 a6 5. bxa6 g6 6. Nc3 Bxa6 7. e4 Bxf1 8.
Kxf1 Bg7 9. g3 d6 10. Kg2 O-O 11. Nge2 Qb6 12. Rb1 Na6 13. b3 Rfb8 14. f3 Nb4
15. a3 Na6 16. Be3 Qb7 17. Qd2 Nd7 18. a4 Nc7 19. Nc1 Qb4 20. N1a2 Qa5 21. Qc2
Ne5 22. Bd2 Qa6 23. Rhd1 Rf8 24. h3 f5 25. f4 Nd3 26. exf5 Rxf5 27. Be3 Nb4 28.
Nxb4 cxb4 29. Ne4 Nxd5 30. Bf2 Rc8 31. Qd2 Qb7 32. Re1 Nc3 33. Qd3 Nxb1 34.
Qxb1 e5 35. Kg1 Rc6 36. fxe5 Bxe5 37. Qd3 Qf7 38. Re2 Rc1+ 39. Kg2 Ra1 40. g4
Rf4 41. Qe3 Qb7 42. Bg3 Rxe4 43. Qxe4 Qxe4+ 44. Rxe4 1-0

[Event "Ct. Catalunya Absolut Final ( elim. )"]
[Site "?"]
[Date "2012.05.12"]
[Round "1"]
[White "Alonso Rosell, A."]
[Black "Lacasta Palacio, J."]
[Result "1-0"]
[WhiteElo "2510"]
[BlackElo "2177"]
[PlyCount "85"]
[EventDate "2012.??.??"]
[EventType "match"]

1. d4 e6 2. c4 Bb4+ 3. Nc3 f5 4. e3 Nf6 5. Bd3 O-O 6. Nge2 b6 7. O-O Bb7 8. f3
Kh8 9. a3 Be7 10. b4 a5 11. Rb1 axb4 12. axb4 Nc6 13. c5 bxc5 14. dxc5 Ne5 15.
Bc2 Nd5 16. Nxd5 Bxd5 17. Nf4 Ba2 18. Rb2 Bc4 19. Rf2 Bf6 20. Rd2 Qe8 21. Rd4
Bb5 22. Rb1 Nc4 23. Rd3 g5 24. Ne2 Ne5 25. Rd4 g4 26. f4 Ng6 27. Nc3 Bc6 28. b5
Bb7 29. Bb2 Rd8 30. Ne2 Kg8 31. Bb3 Be4 32. Rxe4 Bxb2 33. Ra4 Bg7 34. Ra7 Rc8
35. Nd4 Kh8 36. b6 cxb6 37. cxb6 e5 38. fxe5 Qxe5 39. Qd3 Rcd8 40. Nb5 f4 41.
Nd6 fxe3 42. Qd5 e2 43. Qg8+ 1-0

[Event "Ct. Catalunya Absolut Final ( elim. )"]
[Site "?"]
[Date "2012.05.12"]
[Round "1"]
[White "Asis Gargatagli, H."]
[Black "Sanchez Ibern, M."]
[Result "1/2-1/2"]
[WhiteElo "2473"]
[BlackElo "2359"]
[PlyCount "36"]
[EventDate "2012.??.??"]
[EventType "match"]

1. c4 Nf6 2. Nc3 d5 3. cxd5 Nxd5 4. g3 g6 5. Bg2 Nxc3 6. bxc3 Bg7 7. Rb1 Nc6 8.
Nf3 O-O 9. O-O b6 10. Qa4 Bb7 11. Ng5 Na5 12. Bxb7 Nxb7 13. d3 c5 14. Qh4 h6
15. Nf3 e5 16. Qh3 Qc8 17. Qh4 Qd8 18. Qh3 Qc8 1/2-1/2

[Event "Ct. Catalunya Absolut Final ( elim. )"]
[Site "?"]
[Date "2012.05.12"]
[Round "1"]
[White "Fluvia Poyatos, Joan"]
[Black "Monell Camarasa, D."]
[Result "1-0"]
[WhiteElo "2490"]
[BlackElo "2260"]
[PlyCount "75"]
[EventDate "2012.??.??"]
[EventType "match"]

1. e4 c5 2. Nf3 Nc6 3. Bb5 g6 4. Bxc6 bxc6 5. d3 Bg7 6. O-O Nf6 7. h3 O-O 8.
Nc3 Rb8 9. Nd2 d6 10. f4 Nh5 11. Kh2 e5 12. f5 Qh4 13. Qg4 Qxg4 14. hxg4 Nf6
15. Kg3 Rd8 16. Nc4 d5 17. Na5 Rd6 18. b3 Rb6 19. a3 gxf5 20. gxf5 Ra6 21. b4
c4 22. exd5 cxd5 23. Nb5 Rd8 24. Bg5 cxd3 25. cxd3 Bh6 26. Bxh6 Nh5+ 27. Kg4
Rxh6 28. Rh1 Bxf5+ 29. Kg5 Rg6+ 30. Kxf5 Ng3+ 31. Kxe5 Re8+ 32. Kxd5 Rd8+ 33.
Kc4 Rg4+ 34. Kc3 a6 35. Nc6 Rc8 36. Nba7 Rc7 37. Rhe1 Rg6 38. Re5 1-0

[Event "Ct. Catalunya Absolut Final ( elim. )"]
[Site "?"]
[Date "2012.05.12"]
[Round "1"]
[White "Fluvia Poyatos, Jordi"]
[Black "Perez Mitjans, O."]
[Result "1-0"]
[WhiteElo "2467"]
[BlackElo "2471"]
[PlyCount "99"]
[EventDate "2012.??.??"]
[EventType "match"]

1. Nf3 Nf6 2. g3 g6 3. b4 Bg7 4. Bb2 O-O 5. Bg2 d6 6. O-O e5 7. c4 Nh5 8. Nc3
f5 9. d3 g5 10. Nd2 g4 11. b5 Nd7 12. Nd5 Ndf6 13. Rc1 Nxd5 14. Bxd5+ Kh8 15.
c5 f4 16. cxd6 cxd6 17. Ba3 Bh6 18. Nc4 Nf6 19. Bh1 fxg3 20. hxg3 Ne8 21. e3
Bg7 22. Bb2 h5 23. Qd2 h4 24. d4 e4 25. d5 Bf5 26. Bxg7+ Kxg7 27. Qd4+ Nf6 28.
Nd2 Re8 29. Rc4 Kg6 30. Rfc1 Re5 31. Qb2 hxg3 32. fxg3 Qh8 33. Bg2 Qh6 34. Nf1
Nxd5 35. Qd2 Nf6 36. Qxd6 Rd5 37. Qe7 Rd7 38. Qe5 Rd5 39. Qb2 Rad8 40. Rc7 Rd2
41. Qb3 Rxg2+ 42. Kxg2 Qh3+ 43. Kg1 Nd5 44. Rxb7 Kg5 45. Rc5 Be6 46. Re7 Kf6
47. Rxa7 Kg6 48. Qc4 Rf8 49. Qxe4+ Bf5 50. Qxd5 1-0

[Event "Ct. Catalunya Absolut Final ( elim. )"]
[Site "?"]
[Date "2012.05.12"]
[Round "1"]
[White "Martinez Ramirez, E."]
[Black "Muñoz Pantoja, M."]
[Result "1/2-1/2"]
[WhiteElo "2296"]
[BlackElo "2484"]
[PlyCount "52"]
[EventDate "2012.??.??"]
[EventType "match"]

1. e4 c5 2. Nf3 Nc6 3. d4 cxd4 4. Nxd4 e5 5. Nb5 d6 6. c4 Be7 7. b3 a6 8. N5c3
Nf6 9. Bd3 Bg4 10. f3 Be6 11. Na3 Nd7 12. Nc2 Bg5 13. Bxg5 Qxg5 14. Qd2 h6 15.
Be2 Qxg2 16. O-O-O Qg5 17. Rhg1 Qxd2+ 18. Rxd2 g6 19. Rxd6 Ke7 20. Rd2 Nf6 21.
Nd5+ Bxd5 22. cxd5 Nb8 23. Ne3 Rc8+ 24. Kb2 Nbd7 25. Bf1 b5 26. Bh3 Kd6 1/2-1/2

[Event "Ct. Catalunya Absolut Final ( elim. )"]
[Site "?"]
[Date "2012.05.12"]
[Round "1"]
[White "Mundet Riera, Ja"]
[Black "Alsina Leal, D."]
[Result "0-1"]
[WhiteElo "2173"]
[BlackElo "2540"]
[PlyCount "72"]
[EventDate "2012.??.??"]
[EventType "match"]

1. Nf3 Nf6 2. g3 g6 3. Bg2 Bg7 4. c4 d5 5. cxd5 Nxd5 6. O-O Nb6 7. Nc3 Nc6 8.
d3 O-O 9. h3 h6 10. e4 e5 11. Be3 Be6 12. Kh2 Qe7 13. Ne2 Rfd8 14. Qc1 Rxd3 15.
Bxh6 Rad8 16. b3 a5 17. Be3 a4 18. Bxb6 cxb6 19. bxa4 Qb4 20. Qc2 Rd2 21. Nxd2
Rxd2 22. Qb1 Rxe2 23. Qxb4 Nxb4 24. Rab1 Nd3 25. Rxb6 Nxf2 26. Rxb7 Rxa2 27. a5
Nd3 28. Ra7 Bh6 29. Rb1 Nc5 30. Kh1 Be3 31. Ra8+ Kg7 32. h4 Bd4 33. Re1 Nd3 34.
Rb1 Nf2+ 35. Kh2 Nxe4 36. a6 Nc3 0-1

[Event "Ct. Catalunya Absolut Final ( elim. )"]
[Site "?"]
[Date "2012.05.12"]
[Round "1"]
[White "Narciso Dublan, M."]
[Black "Ruiz Font, E."]
[Result "1-0"]
[WhiteElo "2541"]
[BlackElo "2041"]
[PlyCount "45"]
[EventDate "2012.??.??"]
[EventType "match"]

1. e4 c5 2. Nf3 g6 3. d4 cxd4 4. Qxd4 Nf6 5. Nc3 Nc6 6. Qa4 d6 7. e5 Ng4 8. Bb5
Bg7 9. exd6 O-O 10. O-O Qxd6 11. Bf4 e5 12. Rad1 Qb8 13. Bg3 a6 14. Bxc6 bxc6
15. b3 Qa7 16. Ne4 f5 17. Nd6 e4 18. Qc4+ Kh8 19. Ng5 Bf6 20. Ngf7+ Kg7 21. h3
Nh6 22. Ne5 a5 23. Nxc8 1-0

[Event "Ct. Catalunya Absolut Final ( elim. )"]
[Site "?"]
[Date "2012.05.13"]
[Round "2"]
[White "Lacasta Palacio, J."]
[Black "Alonso Rosell, A."]
[Result "1/2-1/2"]
[WhiteElo "2177"]
[BlackElo "2510"]
[PlyCount "68"]
[EventDate "2012.??.??"]
[EventType "match"]

1. g3 d5 2. Bg2 e5 3. c4 d4 4. d3 Nc6 5. Nf3 Nf6 6. O-O Nd7 7. Nbd2 Be7 8. a3
a5 9. b3 O-O 10. Ne1 Nc5 11. Ne4 Nxe4 12. dxe4 Be6 13. Qc2 Qd7 14. Nd3 f5 15.
exf5 Bxf5 16. f3 Rfe8 17. Bd2 Bf8 18. c5 e4 19. fxe4 Bxe4 20. Qc4+ Qe6 21. Bxe4
Qxc4 22. Bxh7+ Kxh7 23. bxc4 Rxe2 24. Rf2 Rae8 25. Rb1 Rxf2 26. Kxf2 Ne5 27.
Nxe5 Rxe5 28. Bxa5 Rxc5 29. Bb4 Rf5+ 30. Ke2 c5 31. Bd2 Rf7 32. Rb6 Rd7 33. Kd3
Bd6 34. a4 Kg8 1/2-1/2

[Event "Ct. Catalunya Absolut Final ( elim. )"]
[Site "?"]
[Date "2012.05.13"]
[Round "2"]
[White "Lopez Martinez, JM."]
[Black "Farran Martos, J."]
[Result "1-0"]
[WhiteElo "2506"]
[BlackElo "2210"]
[PlyCount "63"]
[EventDate "2012.??.??"]
[EventType "match"]

1. e4 e6 2. d4 d5 3. Nc3 Bb4 4. e5 c5 5. a3 Bxc3+ 6. bxc3 Qc7 7. Nf3 Ne7 8. h4
b6 9. h5 h6 10. Bb5+ Bd7 11. Bd3 Nbc6 12. Kf1 c4 13. Be2 f6 14. Bf4 f5 15. a4
Na5 16. g3 Bc6 17. Qc1 O-O-O 18. Nh4 Kb7 19. Qa3 Ka8 20. Bc1 Rhf8 21. Ng2 Qd7
22. Nf4 Rb8 23. Qd6 Bxa4 24. Nxe6 Rg8 25. Rxa4 Qxa4 26. Qxe7 Rb7 27. Qa3 Qc6
28. Nf4 Rd7 29. Bf3 Nb7 30. Qa6 Na5 31. Ba3 Rgd8 32. e6 1-0

[Event "Ct. Catalunya Absolut Final ( elim. )"]
[Site "?"]
[Date "2012.05.13"]
[Round "2"]
[White "Muñoz Pantoja, M."]
[Black "Martinez Ramirez, E."]
[Result "1/2-1/2"]
[WhiteElo "2484"]
[BlackElo "2296"]
[PlyCount "57"]
[EventDate "2012.??.??"]
[EventType "match"]

1. e4 c5 2. Nf3 g6 3. d4 cxd4 4. Nxd4 Nf6 5. Nc3 Nc6 6. g3 Bg7 7. Nde2 b5 8.
Bg2 Rb8 9. O-O O-O 10. a4 a6 11. axb5 axb5 12. Nd5 d6 13. Bg5 Nd7 14. c3 h6 15.
Be3 e6 16. Nb4 Nxb4 17. cxb4 Ne5 18. Bd4 Nc6 19. Bxg7 Kxg7 20. Rc1 Qd7 21. Qd2
Bb7 22. f4 Kh7 23. e5 Rfd8 24. Rfd1 Ne7 25. exd6 Nd5 26. Bxd5 Bxd5 27. Rc7 Qxd6
28. Qc3 Rd7 29. Rc5 1/2-1/2

[Event "Ct. Catalunya Absolut Final ( elim. )"]
[Site "?"]
[Date "2012.05.13"]
[Round "2"]
[White "Perez Mitjans, O."]
[Black "Fluvia Poyatos, Jordi"]
[Result "1-0"]
[WhiteElo "2471"]
[BlackElo "2467"]
[PlyCount "61"]
[EventDate "2012.??.??"]
[EventType "match"]

1. e4 d6 2. d4 Nf6 3. f3 d5 4. e5 Nfd7 5. f4 c5 6. c3 cxd4 7. cxd4 Nc6 8. Nc3
Nb6 9. Be3 Bf5 10. Nf3 e6 11. Be2 Nc4 12. Bxc4 dxc4 13. O-O Bb4 14. Ng5 Bxc3
15. bxc3 h6 16. Nf3 Qa5 17. Bd2 Ne7 18. Rf2 Rc8 19. Nh4 Bd3 20. g4 h5 21. f5
hxg4 22. fxe6 Rxh4 23. exf7+ Kf8 24. Bg5 g3 25. hxg3 Rh8 26. Qf3 Rc7 27. Rd1
Qb5 28. Re1 Qa5 29. Qg4 Qd5 30. Bxe7+ Kxe7 31. Qh4+ 1-0

[Event "Ct. Catalunya Absolut Final ( elim. )"]
[Site "?"]
[Date "2012.05.13"]
[Round "2"]
[White "Ruiz Font, E."]
[Black "Narciso Dublan, M."]
[Result "0-1"]
[WhiteElo "2041"]
[BlackElo "2541"]
[PlyCount "56"]
[EventDate "2012.??.??"]
[EventType "match"]

1. e4 Nc6 2. Nc3 e6 3. Nf3 Bb4 4. d4 d6 5. Bd3 Nge7 6. O-O Bxc3 7. bxc3 e5 8.
h3 O-O 9. a4 b6 10. Qe2 Ng6 11. Bb5 Bb7 12. Bg5 Qc8 13. Rfd1 h6 14. Be3 a6 15.
Bxc6 Bxc6 16. d5 Bd7 17. a5 b5 18. c4 bxc4 19. Qxc4 Bb5 20. Qa2 Be2 21. Nd2
Bxd1 22. Rxd1 f5 23. f3 fxe4 24. Nxe4 Nh4 25. Rf1 Rxf3 26. Rxf3 Nxf3+ 27. gxf3
Qxh3 28. Nd2 e4 0-1

[Event "Ct. Catalunya Absolut Final ( elim. )"]
[Site "?"]
[Date "2012.05.14"]
[Round "3"]
[White "Perez Mitjans, O."]
[Black "Narciso Dublan, M."]
[Result "1-0"]
[WhiteElo "2471"]
[BlackElo "2541"]
[PlyCount "55"]
[EventDate "2012.??.??"]
[EventType "match"]

1. e4 Nc6 2. Nc3 e6 3. d4 Bb4 4. a3 Bxc3+ 5. bxc3 d6 6. Bd3 e5 7. Ne2 Nge7 8.
f4 Bg4 9. d5 Nb8 10. f5 c6 11. c4 Nd7 12. O-O f6 13. Qe1 Bxe2 14. Qxe2 O-O 15.
Be3 Kh8 16. Rab1 Qc7 17. Rf3 cxd5 18. Rh3 Ng8 19. Qh5 h6 20. cxd5 Nc5 21. Rg3
Rf7 22. h4 Raf8 23. Rg6 Nxd3 24. cxd3 Qc2 25. Rf1 Qxd3 26. Rf3 Rc7 27. Rfg3
Rff7 28. Bxh6 1-0

[Event "Ct. Catalunya Absolut Final ( elim. )"]
[Site "?"]
[Date "2012.05.15"]
[Round "4"]
[White "Alonso Rosell, A."]
[Black "Muñoz Pantoja, M."]
[Result "0-1"]
[WhiteElo "2510"]
[BlackElo "2484"]
[PlyCount "106"]
[EventDate "2012.??.??"]
[EventType "match"]

1. d4 c5 2. d5 Nf6 3. c4 g6 4. Nc3 Bg7 5. Nf3 d6 6. g3 O-O 7. Bg2 e5 8. e4 Bg4
9. h3 Bxf3 10. Qxf3 Nbd7 11. h4 a6 12. Qe2 Rb8 13. a4 Re8 14. a5 h5 15. Bg5 b6
16. axb6 Qxb6 17. Na4 Qa5+ 18. Bd2 Qc7 19. Bh3 Rb3 20. O-O Reb8 21. Bc3 Qd8 22.
Ra2 Qe7 23. Rfa1 Bh6 24. Be1 Kg7 25. Nc3 Ne8 26. Nd1 Nc7 27. Ba5 Ne8 28. Bc3
Nc7 29. Ne3 Nf6 30. Nf1 Kg8 31. Re1 Nfe8 32. Nd2 R3b7 33. Nf3 Ng7 34. Rd1 Rb6
35. Ne1 f5 36. Nd3 Nce8 37. Rda1 Qa7 38. f4 exf4 39. exf5 Qd7 40. Nxf4 Bxf4 41.
gxf4 Nxf5 42. Kh2 Qf7 43. Rg1 Neg7 44. Qf2 Re8 45. Rg5 Rb7 46. Ra1 Rbe7 47. Kh1
Re2 48. Qg1 Nxh4 49. Rf1 R8e3 50. Rg3 Ngf5 51. Bxf5 Nxf5 52. Rxe3 Rxe3 53. Kh2
Rg3 0-1

[Event "Ct. Catalunya Absolut Final ( elim. )"]
[Site "?"]
[Date "2012.05.15"]
[Round "4"]
[White "Asis Gargatagli, H."]
[Black "Alsina Leal, D."]
[Result "1-0"]
[WhiteElo "2473"]
[BlackElo "2540"]
[PlyCount "127"]
[EventDate "2012.??.??"]
[EventType "match"]

1. e4 c5 2. Nf3 Nc6 3. d4 cxd4 4. Nxd4 Nf6 5. Nc3 e5 6. Ndb5 d6 7. Bg5 a6 8.
Na3 b5 9. Nd5 Be7 10. Bxf6 Bxf6 11. c4 b4 12. Nc2 O-O 13. g3 Bg5 14. h4 Bh6 15.
Bh3 Be6 16. Kf1 Qa5 17. Kg2 Ra7 18. Qd3 Qc5 19. b3 a5 20. Rhf1 Rfa8 21. Rad1 a4
22. Bxe6 fxe6 23. Nde3 axb3 24. axb3 Bxe3 25. Nxe3 Nd4 26. Nc2 Nxc2 27. Qxc2
Ra2 28. Qd3 R8a6 29. Rd2 h6 30. Rfd1 Kh7 31. Qf3 Rxd2 32. Rxd2 Qc6 33. Qg4 Ra1
34. h5 Kh8 35. Qg6 Ra6 36. c5 Qxc5 37. Qe8+ Kh7 38. Qxe6 Qc3 39. Rd5 Qc2 40.
Qg6+ Kh8 41. Qe8+ Kh7 42. Qg6+ Kh8 43. Rb5 Ra8 44. Rb7 Rg8 45. Rd7 Qxb3 46.
Qxd6 Qc3 47. Rc7 Qd4 48. Qxd4 exd4 49. Rb7 Rd8 50. Rxb4 Kg8 51. Kf3 Kf7 52. Ke2
Kf6 53. f4 d3+ 54. Kd2 Ra8 55. Rb3 Ra2+ 56. Kxd3 Rh2 57. g4 Rg2 58. Rb6+ Kf7
59. Rg6 Rg1 60. Kd4 Ra1 61. e5 Ra4+ 62. Ke3 Rb4 63. Rd6 Ra4 64. Rd4 1-0

[Event "Ct. Catalunya Absolut Final ( elim. )"]
[Site "?"]
[Date "2012.05.15"]
[Round "4"]
[White "Fluvia Poyatos, Joan"]
[Black "Lopez Martinez, JM."]
[Result "0-1"]
[WhiteElo "2490"]
[BlackElo "2506"]
[PlyCount "96"]
[EventDate "2012.??.??"]
[EventType "match"]

1. e4 c5 2. Nf3 e6 3. d4 cxd4 4. Nxd4 Nf6 5. Nc3 d6 6. g4 h6 7. h3 a6 8. Bg2
Qc7 9. O-O Nc6 10. Re1 Ne5 11. f4 Ng6 12. Nf3 Be7 13. Qe2 Bd7 14. e5 dxe5 15.
Nxe5 Nxe5 16. fxe5 Nh7 17. Kh1 Rc8 18. Bf4 O-O 19. Red1 Bc6 20. Ne4 Ng5 21.
Bxg5 hxg5 22. Nc3 Bxg2+ 23. Kxg2 Qb6 24. Rab1 Rc5 25. Rd3 Rfc8 26. Qe3 Qc7 27.
Re1 b5 28. a3 a5 29. Rd4 Rc6 30. Kg3 Bc5 31. Nxb5 Qb6 32. Qd3 Bxd4 33. Nxd4 Rc4
34. Nf3 Qxb2 35. h4 gxh4+ 36. Kxh4 Qxc2 37. Qxc2 Rxc2 38. Nd4 Rh2+ 39. Kg5 Rc4
40. Rd1 Rf2 41. Rd3 a4 42. Nf3 Kh7 43. Kh4 Rg2 44. Nd4 Kg6 45. Kh3 Rb2 46. Kh4
Rc1 47. Kg3 Rg1+ 48. Kh3 Rb8 0-1

[Event "Ct. Catalunya Absolut Final ( elim. )"]
[Site "?"]
[Date "2012.05.15"]
[Round "4"]
[White "Narciso Dublan, M."]
[Black "Perez Mitjans, O."]
[Result "1-0"]
[WhiteElo "2541"]
[BlackElo "2471"]
[PlyCount "81"]
[EventDate "2012.??.??"]
[EventType "match"]

1. d4 Nf6 2. c4 c5 3. d5 b5 4. cxb5 a6 5. bxa6 g6 6. Nc3 Bxa6 7. e4 Bxf1 8.
Kxf1 d6 9. g3 Bg7 10. Kg2 O-O 11. Nge2 Qb6 12. Rb1 Nbd7 13. Qc2 Rfb8 14. b3 Qa6
15. a4 Rb4 16. Ba3 Qc8 17. Rhe1 g5 18. Qc1 Ne5 19. Bxb4 cxb4 20. Nb5 Qg4 21.
Ned4 Qh5 22. h3 e6 23. dxe6 fxe6 24. Qd1 g4 25. h4 Qf7 26. Rc1 Rf8 27. Nxd6 Qd7
28. Nc4 Ng6 29. Nb5 Qe7 30. Nbd6 Nh5 31. Qxg4 Nhf4+ 32. gxf4 Rxf4 33. Qg3 h5
34. Kf1 Rg4 35. Qf3 Nf4 36. Ne3 Qxd6 37. Nxg4 hxg4 38. Qxg4 Kh7 39. Red1 Qe5
40. Rd7 Ng6 41. h5 1-0

[Event "Ct. Catalunya Absolut Final ( elim. )"]
[Site "?"]
[Date "2012.05.18"]
[Round "7"]
[White "Fluvia Poyatos, Joan"]
[Black "Asis Gargatagli, H."]
[Result "1/2-1/2"]
[WhiteElo "2490"]
[BlackElo "2473"]
[PlyCount "59"]
[EventDate "2012.??.??"]
[EventType "match"]

1. e4 c5 2. Nf3 d6 3. d4 cxd4 4. Nxd4 Nf6 5. Nc3 g6 6. Be2 Bg7 7. O-O O-O 8. h3
Nc6 9. Nb3 b6 10. f4 Bb7 11. Bf3 e6 12. Rf2 Qe7 13. Be3 Rad8 14. Re2 d5 15.
exd5 Nb4 16. Bd4 Nfxd5 17. Nxd5 Bxd5 18. Bxd5 Rxd5 19. Rd2 Rfd8 20. c3 Nc6 21.
Be3 Rxd2 22. Nxd2 e5 23. Qf3 exf4 24. Bxf4 Ne5 25. Qe2 Qc5+ 26. Be3 Qd5 27. Bd4
Nc6 28. Bxg7 Kxg7 29. Nf3 Rd6 30. Qf2 1/2-1/2

[Event "Ct. Catalunya Absolut Final ( elim. )"]
[Site "?"]
[Date "2012.05.18"]
[Round "7"]
[White "Muñoz Pantoja, M."]
[Black "Narciso Dublan, M."]
[Result "1/2-1/2"]
[WhiteElo "2484"]
[BlackElo "2541"]
[PlyCount "50"]
[EventDate "2012.??.??"]
[EventType "match"]

1. e4 e6 2. d4 d5 3. Nd2 Nf6 4. Bd3 c5 5. exd5 Qxd5 6. Ngf3 cxd4 7. Bc4 Qd6 8.
O-O Nc6 9. Nb3 Bd7 10. Nfxd4 Nxd4 11. Nxd4 a6 12. c3 Qc7 13. Qe2 Bd6 14. h3 O-O
15. Bg5 Bf4 16. Bxf4 Qxf4 17. Rfe1 b5 18. Bb3 Rfb8 19. Rad1 a5 20. Nf3 Qc7 21.
Ne5 Be8 22. a3 Rd8 23. Qe3 h6 24. h4 Rxd1 25. Rxd1 Rd8 1/2-1/2